LDR 00954naa#a2200205#i#450# 001 RU\\bibl\119433 005 20260515050122.5 011 ## _a2500-4026 100 ## _a20170331b2017####ek#y0rusy0150####ca 101 0# _aRUS 102 ## _aRU 200 1# _aСОСТОЯНИЕ ПРОБЛЕМЫ ФОРМИРОВАНИЯ У КУРСАНТОВ МЧС РОССИИ ГОТОВНОСТИК НАУЧНО-ИССЛЕДОВАТЕЛЬСКОЙ ДЕЯТЕЛЬНОСТИ _eЖурнальная статья 210 1# _aЖелезногорск _cФГБОУ ВО Сибирская пожарно-спасательная академия ГПС МЧС России _d2017 215 ## _a3 с. 608 ## _aЖурнальная статья _2local 675 ## _aСпециальные высшие учебные заведения. 378.6 _zRUS 700 #1 _aЗлотникова _gЕ А 700 #1 _aЛагунов _gА Н 700 #1 _aТрояк _gЕ Ю 856 4# _avestnik-sibpsa.editorum.ru _u